Southville International School and Colleges
Your cart is empty.
  • Cart
  • Lists
    Public lists Eva Luna New books Lux_list list_1
    Your lists Log in to create your own lists
  • Log in to your account
  • Your cookies
  • Search history
Southville International School and Colleges
  • Advanced search
  • Recent comments
  • Most popular
  • Libraries

Log in to your account

Log in with GOOGLE


If you do not have an external account, but do have a local account, you can still log in:

  1. Home
  2. MARC view: Bulosan :
Normal view MARC view ISBD view

Bulosan : (Record no. 293616)

[ view plain ]
MARC details
000 -LEADER
fixed length control field 00616nam a2200229Ia 4500
008 - FIXED-LENGTH DATA ELEMENTS--GENERAL INFORMATION
fixed length control field 160418s9999 xx 000 0 und d
020 ## - INTERNATIONAL STANDARD BOOK NUMBER
International Standard Book Number 971-27-1408-X
050 ## - LIBRARY OF CONGRESS CALL NUMBER
Classification number FIL PL 5539
050 ## - LIBRARY OF CONGRESS CALL NUMBER
Item number .S26 2004 c.2
100 ## - MAIN ENTRY--PERSONAL NAME
Personal name San Juan E., Jr.
245 ## - TITLE STATEMENT
Title Bulosan :
245 ## - TITLE STATEMENT
Remainder of title an introduction with selections /
245 ## - TITLE STATEMENT
Statement of responsibility, etc E. San Juan, Jr.
260 ## - PUBLICATION, DISTRIBUTION, ETC. (IMPRINT)
Place of publication, distribution, etc Manila :
260 ## - PUBLICATION, DISTRIBUTION, ETC. (IMPRINT)
Name of publisher, distributor, etc Anvil Pub. Inc.,
260 ## - PUBLICATION, DISTRIBUTION, ETC. (IMPRINT)
Date of publication, distribution, etc 2004
300 ## - PHYSICAL DESCRIPTION
Extent 156 pages :
300 ## - PHYSICAL DESCRIPTION
Other physical details illustrations ;
300 ## - PHYSICAL DESCRIPTION
Dimensions 22 cm.
650 ## - SUBJECT ADDED ENTRY--TOPICAL TERM
Topical term or geographic name as entry element Filipino Americans -- Literary collections.
650 ## - SUBJECT ADDED ENTRY--TOPICAL TERM
General subdivision Philippines -- Literary collections.
Holdings
Withdrawn status Lost status Damaged status Home library Current library Shelving location Date acquired Total Checkouts Full call number Barcode Date last seen Price effective from Koha item type
      South Mansfield College South Mansfield College Filipiniana Section 01/09/2008   FIL PL 5539 .S26 2004 c.2 SMC02706 04/18/2016 04/18/2016  

Bulosan :

APA

San Juan E, .Bulosan. Manila: .

Chicago

San Juan E, .Bulosan. Manila: .

Harvard

San Juan E, .Bulosan. Manila: .

MLA

San Juan E, .Manila: . .

  • Place hold
  • Print
  • Cite
  • Add to your cart (remove)
  • Save record
    BIBTEX Dublin Core MARCXML MARC (non-Unicode/MARC-8) MARC (Unicode/UTF-8) MARC (Unicode/UTF-8, Standard) MODS (XML) RIS
  • More searches
    Search for this title in:
    Other Libraries (WorldCat) Other Databases (Google Scholar) Online Stores (Bookfinder.com) Open Library (openlibrary.org)

Exporting to Dublin Core...

SOUTHVILLE LIBRARY

Southville International School and Colleges Library

1281 Tropical Ave. Cor. Luxembourg St., BF Homes International, Las Pinas City

Tel. No. 8256374 / 252358 Loc. 117/146

Powered by Koha